[Event "WchT Seniors 50"]
[Site "Struga"]
[Date "2023.09.19"]
[Round "1.4"]
[White "Borgo, Giulio"]
[Black "Fink Nunn, Petra"]
[Result "1-0"]
[WhiteElo "2333"]
[BlackElo "1971"]
[PlyCount "89"]
[EventDate "2023.09.19"]
[EventType "team-swiss"]
[EventRounds "9"]
[EventCountry "MKD"]
[SourceTitle "EXT 2024"]
[Source "ChessBase"]
[SourceDate "2023.10.10"]
[SourceVersion "1"]
[SourceVersionDate "2023.10.10"]
[SourceQuality "1"]
[WhiteTeam "Italy 50"]
[BlackTeam "England 50 (W)"]
[WhiteTeamCountry "ITA"]
[BlackTeamCountry "ENG"]

1. c4 e6 2. Nf3 d5 3. e3 Nf6 4. b3 c5 5. Bb2 Nc6 6. cxd5 exd5 7. Be2 Be7 8. d4 cxd4 9. Nxd4 Qa5+ 10. Bc3 Bb4 11. Qd2 Bxc3 12. Nxc3 0-0 13. 0-0 Be6 14. Nxc6 bxc6 15. Rfd1 Qc7 16. Rac1 Rfd8 17. Na4 Rd6 18. Qd4 Re8 19. Nc5 Bf5 20. Qf4 Bc8 21. Bf3 Qe7 22. Qh4 Qe5 23. Nd3 Qf5 24. Qf4 Qe6 25. h3 Nd7 26. Bg4 Qe7 27. Nb4 g5 28. Qd4 f5 29. Bh5 c5 30. Nxd5 cxd4 31. Nxe7+ Rxe7 32. Rxc8+ Kg7 33. Rxd4 Rxd4 34. exd4 Nf6 35. Bf3 Rd7 36. Rc4 g4 37. hxg4 fxg4 38. Bc6 Rd6 39. d5 h5 40. g3 Kf7 41. Ra4 Nxd5 42. Bxd5+ Rxd5 43. Rxa7+ Ke6 44. Kg2 Rf5 45. b4 1-0

[Event "EU-chT Seniors 50"]
[Site "Swidnica"]
[Date "2023.07.18"]
[Round "7.1"]
[White "Marks, Ian Alexander"]
[Black "Fink Nunn, Petra"]
[Result "1/2-1/2"]
[WhiteElo "1874"]
[BlackElo "1982"]
[PlyCount "69"]
[EventDate "2023.07.12"]
[EventType "team-tourn"]
[EventRounds "9"]
[EventCountry "POL"]
[SourceTitle "CBM 215 Extra"]
[Source "ChessBase"]
[SourceDate "2023.09.30"]
[SourceVersion "1"]
[SourceVersionDate "2023.09.30"]
[SourceQuality "1"]
[WhiteTeam "Scotland 50"]
[BlackTeam "England 50 (W)"]
[WhiteTeamCountry "POL"]
[BlackTeamCountry "ENG"]

1. e4 e5 2. Nf3 Nc6 3. Bc4 Nf6 4. d3 Be7 5. c3 0-0 6. 0-0 d5 7. exd5 Nxd5 8. Re1 Nb6 9. Bb3 Bg4 10. h3 Bh5 11. Qe2 Re8 12. Nbd2 Qd7 13. Ne4 Bg6 14. Bg5 Bxg5 15. Nfxg5 Rad8 16. Rad1 Nd5 17. Bc2 Nf4 18. Qe3 h6 19. Nf3 Nd5 20. Qe2 b6 21. Ba4 Nf4 22. Qe3 Nd5 23. Qe2 a6 24. Nh4 Bh7 25. Qg4 Qxg4 26. hxg4 b5 27. Bc2 f6 28. a3 Nf4 29. Nc5 a5 30. g3 Nd5 31. Nb7 Rd7 32. Nc5 Rdd8 33. Nb7 Rd7 34. Nc5 Rdd8 35. Nb7 1/2-1/2

[Event "EU-chT Seniors 50"]
[Site "Swidnica"]
[Date "2023.07.14"]
[Round "3.3"]
[White "Noyce, Robert"]
[Black "Fink Nunn, Petra"]
[Result "1/2-1/2"]
[WhiteElo "2142"]
[BlackElo "1982"]
[PlyCount "41"]
[EventDate "2023.07.12"]
[EventType "team-tourn"]
[EventRounds "9"]
[EventCountry "POL"]
[SourceTitle "CBM 215 Extra"]
[Source "ChessBase"]
[SourceDate "2023.09.30"]
[SourceVersion "1"]
[SourceVersionDate "2023.09.30"]
[SourceQuality "1"]
[WhiteTeam "England 50 II"]
[BlackTeam "England 50 (W)"]
[WhiteTeamCountry "ENG"]
[BlackTeamCountry "ENG"]

1. e4 e5 2. Nc3 Nf6 3. g3 d5 4. exd5 Nxd5 5. Bg2 Nxc3 6. bxc3 Bd6 7. Ne2 0-0 8. 0-0 Nc6 9. d3 Be6 10. f4 Bc5+ 11. Kh1 Bd5 12. c4 Bxg2+ 13. Kxg2 exf4 14. Nxf4 Nd4 15. c3 Ne6 16. d4 Nxf4+ 17. Bxf4 Bd6 18. Bd2 b6 19. Qf3 Qd7 20. Rf2 Rae8 21. Qd3 1/2-1/2

[Event "Wch Seniors 50 30th"]
[Site "Assisi"]
[Date "2022.11.16"]
[Round "2"]
[White "Bogumil, Tatiana"]
[Black "Fink Nunn, Petra"]
[Result "1-0"]
[WhiteElo "2198"]
[BlackElo "1965"]
[PlyCount "87"]
[EventDate "2022.11.15"]
[EventType "swiss"]
[EventRounds "11"]
[EventCountry "ITA"]
[SourceTitle "CBM 211 Extra"]
[Source "ChessBase"]
[SourceDate "2023.01.31"]
[SourceVersion "1"]
[SourceVersionDate "2023.01.31"]
[SourceQuality "1"]

1. Nf3 d5 2. g3 Nf6 3. Bg2 c5 4. c4 d4 5. b4 cxb4 6. a3 e6 7. axb4 a5 8. bxa5 Bc5 9. 0-0 Rxa5 10. Rxa5 Qxa5 11. Qb3 Nc6 12. Na3 0-0 13. Nb5 e5 14. d3 h6 15. Bb2 Be6 16. Ra1 Qb6 17. Nd2 Nb4 18. Qa4 Bd7 19. Ba3 Nc6 20. Bxc5 Qxc5 21. Qa3 Qxa3 22. Rxa3 Kh7 23. h3 Ng8 24. Ne4 Nce7 25. Ned6 Bc6 26. Ra7 Nc8 27. Ra8 Nge7 28. Nxb7 Bxg2 29. Kxg2 Kg8 30. N5d6 Nxd6 31. Rxf8+ Kxf8 32. Nxd6 Nc6 33. f4 f6 34. fxe5 fxe5 35. g4 g6 36. Kf3 Ke7 37. Nb7 Ke6 38. Ke4 Ne7 39. Nd8+ Kf6 40. h4 Nc8 41. Nc6 Nd6+ 42. Kd5 Nf7 43. c5 h5 44. g5+ 1-0

[Event "WchT Seniors 50"]
[Site "Prague"]
[Date "2020.03.12"]
[Round "7.4"]
[White "Postupa, Pavel"]
[Black "Fink Nunn, Petra"]
[Result "1-0"]
[WhiteElo "1936"]
[BlackElo "1983"]
[PlyCount "63"]
[EventDate "2020.03.06"]
[EventType "team-swiss"]
[EventRounds "7"]
[EventCountry "CZE"]
[SourceTitle "CBM 195 Extra"]
[Source "ChessBase"]
[SourceDate "2020.05.31"]
[SourceVersion "1"]
[SourceVersionDate "2020.05.31"]
[SourceQuality "1"]
[WhiteTeam "Czech Republic 50 X"]
[BlackTeam "England 50 (W)"]
[WhiteTeamCountry "CZE"]
[BlackTeamCountry "ENG"]

1. e4 e5 2. Nf3 Nc6 3. Bb5 f5 4. Nc3 fxe4 5. Nxe4 Nf6 6. Nxf6+ Qxf6 7. 0-0 Bc5 8. Bxc6 bxc6 9. Qe2 0-0 10. Qc4+ d5 11. Qxc5 e4 12. Ne1 Ba6 13. d3 Rae8 14. Be3 Re6 15. Qxa7 Bc8 16. Qd4 Qh4 17. g3 Qh3 18. Ng2 Ref6 19. dxe4 Bg4 20. e5 Rf3 21. a4 R8f5 22. a5 Rh5 23. Nh4 g5 24. Ra4 Rxh4 25. gxh4 Rf4 26. f3 Rxd4 27. Rxd4 Bxf3 28. Rf2 Be4 29. Bxg5 c5 30. Rdd2 d4 31. Bh6 Bf5 32. Rxf5 1-0

[Event "WchT Seniors 50"]
[Site "Prague"]
[Date "2020.03.08"]
[Round "3.22"]
[White "Grant, Glynis"]
[Black "Fink Nunn, Petra"]
[Result "0-1"]
[WhiteElo "1249"]
[BlackElo "1983"]
[PlyCount "70"]
[EventDate "2020.03.06"]
[EventType "team-swiss"]
[EventRounds "7"]
[EventCountry "CZE"]
[SourceTitle "CBM 195 Extra"]
[Source "ChessBase"]
[SourceDate "2020.05.31"]
[SourceVersion "1"]
[SourceVersionDate "2020.05.31"]
[SourceQuality "1"]
[WhiteTeam "Scotland 50 II"]
[BlackTeam "England 50 (W)"]
[WhiteTeamCountry "SCO"]
[BlackTeamCountry "ENG"]

1. e4 e5 2. Nf3 Nc6 3. Nc3 Nf6 4. Bb5 Bd6 5. Bxc6 dxc6 6. d3 h6 7. h3 Be6 8. Ne2 c5 9. c4 0-0 10. Ng3 Qd7 11. Nh4 Rfd8 12. Qf3 Bf8 13. Ke2 Kh7 14. b3 Ng8 15. Bb2 f6 16. Rad1 g6 17. Nf1 Bg7 18. Ne3 Qf7 19. g4 Rd6 20. Qg3 Rad8 21. Nf3 Qd7 22. Ne1 Ra6 23. Ra1 Ne7 24. h4 Nc6 25. g5 Nd4+ 26. Bxd4 Qxd4 27. N3c2 Qb2 28. Kd2 Rxa2 29. Rxa2 Qxa2 30. Kc3 Qa5+ 31. Kb2 Qd2 32. gxf6 Bxf6 33. Rg1 Bf7 34. Qf3 Qf4 35. Qxf4 exf4+ 0-1

[Event "London Chess Classic: Blitz B"]
[Site "London"]
[Date "2019.12.08"]
[Round "9"]
[White "Caceres De la Calle, Eduardo"]
[Black "Fink Nunn, Petra"]
[Result "0-1"]
[WhiteElo "1575"]
[BlackElo "1908"]
[PlyCount "62"]
[EventDate "2019.12.08"]
[EventType "swiss (blitz)"]
[EventRounds "11"]
[EventCountry "ENG"]
[SourceTitle "EXT 2021"]
[Source "ChessBase"]
[SourceDate "2020.10.23"]
[SourceVersion "1"]
[SourceVersionDate "2020.10.23"]
[SourceQuality "1"]

1. c4 e6 2. Nc3 d5 3. cxd5 exd5 4. g3 Nf6 5. Bg2 Be7 6. d3 0-0 7. e3 c5 8. Nge2 Nc6 9. 0-0 Bf5 10. h3 d4 11. e4 Bxh3 12. Bxh3 dxc3 13. bxc3 Qd6 14. Bf4 Qd8 15. Qc2 Bd6 16. Be3 b6 17. f4 Bc7 18. a3 Qe7 19. Rad1 Rad8 20. Qa4 Na5 21. Qc2 c4 22. d4 Qxa3 23. d5 Qb3 24. Rd2 Qxc2 25. Rxc2 Nxe4 26. Bg2 Nf6 27. Rd1 Rfe8 28. Kf2 Ng4+ 29. Kf3 Nxe3 30. Kf2 Nxd1+ 31. Ke1 Ne3 0-1

[Event "London Chess Classic: Blitz B"]
[Site "London"]
[Date "2019.12.08"]
[Round "8"]
[White "Eames, Robert"]
[Black "Fink Nunn, Petra"]
[Result "1-0"]
[WhiteElo "2166"]
[BlackElo "1908"]
[PlyCount "37"]
[EventDate "2019.12.08"]
[EventType "swiss (blitz)"]
[EventRounds "11"]
[EventCountry "ENG"]
[SourceTitle "EXT 2021"]
[Source "ChessBase"]
[SourceDate "2020.10.23"]
[SourceVersion "1"]
[SourceVersionDate "2020.10.23"]
[SourceQuality "1"]

1. e4 c5 2. Nf3 d6 3. d4 Nf6 4. Nc3 cxd4 5. Nxd4 g6 6. Be3 Bg7 7. f3 0-0 8. Qd2 Nc6 9. 0-0-0 d5 10. Qe1 e5 11. Nxc6 bxc6 12. exd5 Nxd5 13. Bc4 Be6 14. Ne4 Qc7 15. Bc5 Rfd8 16. Qh4 f5 17. Ng5 Bf6 18. Nxe6 Bxh4 19. Nxc7 1-0

[Event "London Chess Classic: Blitz B"]
[Site "London"]
[Date "2019.12.08"]
[Round "5"]
[White "Fink Nunn, Petra"]
[Black "Phillips, David"]
[Result "1-0"]
[WhiteElo "1908"]
[BlackElo "1810"]
[PlyCount "75"]
[EventDate "2019.12.08"]
[EventType "swiss (blitz)"]
[EventRounds "11"]
[EventCountry "ENG"]
[SourceTitle "EXT 2021"]
[Source "ChessBase"]
[SourceDate "2020.10.23"]
[SourceVersion "1"]
[SourceVersionDate "2020.10.23"]
[SourceQuality "1"]

1. e4 d5 2. exd5 Qxd5 3. Nc3 Qd8 4. d4 Nf6 5. g3 e6 6. Bg2 c6 7. Nf3 Be7 8. 0-0 0-0 9. Re1 Nbd7 10. Ne2 Qc7 11. c4 Rd8 12. Bf4 Bd6 13. Qc2 Nf8 14. Rad1 Bxf4 15. Nxf4 Bd7 16. Ne5 Be8 17. h4 Rac8 18. h5 b6 19. Qe2 c5 20. d5 exd5 21. Nxd5 Nxd5 22. Bxd5 Kh8 23. Qg4 f6 24. Nf3 Bc6 25. Bxc6 Qxc6 26. Nh4 Rd4 27. Rxd4 cxd4 28. Qxd4 Qxc4 29. Qxc4 Rxc4 30. Re8 Kg8 31. Nf5 Rc1+ 32. Kg2 g6 33. hxg6 hxg6 34. Nd6 Rc6 35. Ne4 Kf7 36. Ra8 Rc7 37. Nd6+ Kg7 38. Ne8+ 1-0

[Event "ENG-ch rapid (Women)"]
[Site "London"]
[Date "2019.12.07"]
[Round "1"]
[White "Lisowski, Olivia"]
[Black "Fink Nunn, Petra"]
[Result "0-1"]
[WhiteElo "1250"]
[BlackElo "1909"]
[PlyCount "48"]
[EventDate "2019.12.07"]
[EventType "swiss (rapid)"]
[EventRounds "7"]
[EventCountry "ENG"]
[SourceTitle "CBM 195 Extra"]
[Source "ChessBase"]
[SourceDate "2020.05.31"]
[SourceVersion "1"]
[SourceVersionDate "2020.05.31"]
[SourceQuality "1"]

1. e4 c5 2. c3 d5 3. f3 e5 4. d4 dxe4 5. fxe4 Qh4+ 6. Kd2 Qxe4 7. Nf3 cxd4 8. Qe2 Qxe2+ 9. Bxe2 Nc6 10. cxd4 Bb4+ 11. Nc3 exd4 12. Bb5 dxc3+ 13. bxc3 Ba5 14. Ba3 Be6 15. Bxc6+ bxc6 16. Nd4 0-0-0 17. Kc2 Bd5 18. c4 Be4+ 19. Kc1 Rxd4 20. Bb2 Rxc4+ 21. Kd1 Nf6 22. Rc1 Rd8+ 23. Ke2 Rd2+ 24. Ke3 Nd5# 0-1

[Event "ENG-ch rapid (Women)"]
[Site "London"]
[Date "2019.12.07"]
[Round "6"]
[White "Lolici, Iselin Amanda"]
[Black "Fink Nunn, Petra"]
[Result "0-1"]
[WhiteElo "1929"]
[BlackElo "1909"]
[PlyCount "80"]
[EventDate "2019.12.07"]
[EventType "swiss (rapid)"]
[EventRounds "7"]
[EventCountry "ENG"]
[SourceTitle "CBM 195 Extra"]
[Source "ChessBase"]
[SourceDate "2020.05.31"]
[SourceVersion "1"]
[SourceVersionDate "2020.05.31"]
[SourceQuality "1"]

1. c4 e6 2. g3 d5 3. Nf3 Nf6 4. Bg2 c5 5. 0-0 Nc6 6. d4 dxc4 7. Qa4 Qb6 8. Ne5 Bd7 9. Nxd7 Nxd7 10. dxc5 Bxc5 11. Qxc4 0-0 12. Nc3 Nde5 13. Qf4 Ng6 14. Qc4 Nge5 15. Qb5 a6 16. Qxb6 Bxb6 17. Bf4 Ng6 18. Na4 Nxf4 19. Nxb6 Nxe2+ 20. Kh1 Rad8 21. Rfe1 Ned4 22. Rac1 e5 23. Nc4 f6 24. Nb6 Kf7 25. Bd5+ Ke7 26. f4 Kd6 27. fxe5+ fxe5 28. Bg2 Rde8 29. a3 Rf2 30. Rcd1 Kc7 31. Nd5+ Kd7 32. b4 Ref8 33. Nb6+ Kc7 34. Nd5+ Kb8 35. Nb6 R8f7 36. Bd5 Re7 37. Nc4 Rc2 38. Nxe5 Nxe5 39. Rxd4 Nf3 40. Rxe7 Rxh2# 0-1

[Event "ENG-ch rapid (Women)"]
[Site "London"]
[Date "2019.12.07"]
[Round "3"]
[White "Sheikh, Anum"]
[Black "Fink Nunn, Petra"]
[Result "1/2-1/2"]
[WhiteElo "1685"]
[BlackElo "1909"]
[PlyCount "71"]
[EventDate "2019.12.07"]
[EventType "swiss (rapid)"]
[EventRounds "7"]
[EventCountry "ENG"]
[SourceTitle "CBM 195 Extra"]
[Source "ChessBase"]
[SourceDate "2020.05.31"]
[SourceVersion "1"]
[SourceVersionDate "2020.05.31"]
[SourceQuality "1"]

1. e4 c5 2. Nf3 d6 3. d4 cxd4 4. Nxd4 Nf6 5. Nc3 g6 6. Be2 Bg7 7. 0-0 0-0 8. Nb3 Nc6 9. Bg5 Be6 10. f4 Na5 11. e5 Qb6+ 12. Kh1 dxe5 13. fxe5 Rfd8 14. Qc1 Nd5 15. Nxd5 Rxd5 16. Nxa5 Rxa5 17. Bxe7 Rxe5 18. Bd3 Bd5 19. Bg5 Rae8 20. c3 Qc6 21. Qd2 Bxg2+ 22. Qxg2 Qxg2+ 23. Kxg2 Rxg5+ 24. Kh1 Rge5 25. Bc4 R8e7 26. Rad1 Bf8 27. Kg2 Kg7 28. Rd4 Rg5+ 29. Kh1 b5 30. Bd3 Rge5 31. Kg2 Re3 32. Bxb5 Rb7 33. a4 a6 34. Rd7 Rxd7 35. Bxd7 Re2+ 36. Rf2 1/2-1/2

[Event "GBR-ch 50+ 106th"]
[Site "Torquay"]
[Date "2019.08.02"]
[Round "5"]
[White "Fink Nunn, Petra"]
[Black "McMahon, Paul"]
[Result "1/2-1/2"]
[WhiteElo "1998"]
[BlackElo "1931"]
[PlyCount "73"]
[EventDate "2019.07.29"]
[EventType "swiss"]
[EventRounds "7"]
[EventCountry "ENG"]
[SourceTitle "EXT 2020"]
[Source "ChessBase"]
[SourceDate "2019.10.17"]
[SourceVersion "1"]
[SourceVersionDate "2019.10.17"]
[SourceQuality "1"]

1. e4 e5 2. f4 exf4 3. Nf3 d6 4. Nc3 Be7 5. Bc4 Be6 6. Bxe6 fxe6 7. d4 Bh4+ 8. Kf1 Nc6 9. Bxf4 Qf6 10. g3 0-0-0 11. Kg2 e5 12. Bd2 exd4 13. Nd5 Qg6 14. Nxh4 Qxe4+ 15. Qf3 Qxc2 16. Qf5+ Qxf5 17. Nxf5 g6 18. Nh4 Ne5 19. Nf3 c6 20. Rac1 Kd7 21. Nf4 Nxf3 22. Kxf3 Nf6 23. Rhe1 c5 24. Re2 Rde8 25. Rce1 Rxe2 26. Rxe2 Rf8 27. Kg2 Rf7 28. Nd3 b5 29. Rf2 Ke6 30. Bg5 Ne4 31. Rxf7 Kxf7 32. Bc1 Ke6 33. Kf3 d5 34. Nf4+ Ke5 35. Ne2 a6 36. Bf4+ Ke6 37. Bc1 1/2-1/2

[Event "UK-ch blitz (Women) op"]
[Site "Solihull"]
[Date "2018.12.01"]
[Round "10"]
[White "Fink Nunn, Petra"]
[Black "Longson, Sarah N"]
[Result "0-1"]
[WhiteElo "1923"]
[BlackElo "2025"]
[PlyCount "88"]
[EventDate "2018.12.01"]
[EventType "tourn (blitz)"]
[EventRounds "15"]
[EventCountry "ENG"]
[SourceTitle "EXT 2020"]
[Source "ChessBase"]
[SourceDate "2019.10.17"]
[SourceVersion "1"]
[SourceVersionDate "2019.10.17"]
[SourceQuality "1"]

1. e4 e5 2. Nf3 Nc6 3. Bc4 Nf6 4. d3 Bc5 5. 0-0 d6 6. c3 0-0 7. Bg5 h6 8. Be3 a6 9. Bb3 Bxe3 10. fxe3 Be6 11. Nbd2 Ng4 12. Qe1 Bxb3 13. axb3 f5 14. h3 fxe4 15. Nxe4 Nf6 16. Ng3 d5 17. e4 d4 18. Nh4 dxc3 19. bxc3 Qxd3 20. Rf3 Qd8 21. Ngf5 Ne7 22. Rd1 Qe8 23. Qf1 Nxf5 24. Nxf5 Kh8 25. Nxh6 Qe7 26. Nf5 Qc5+ 27. Kh1 Nxe4 28. Rd7 Rxf5 29. Qe1 Rxf3 30. gxf3 Nf2+ 31. Kg2 Qc6 32. Rd2 Nxh3 33. Kxh3 Qh6+ 34. Kg2 Qg5+ 35. Kf1 Rf8 36. Rh2+ Kg8 37. Qe4 Qc1+ 38. Kg2 Qd2+ 39. Kg1 Qc1+ 40. Kg2 Qg5+ 41. Kh1 Qf5 42. Qd5+ Qf7 43. Qxe5 Qxf3+ 44. Kg1 Qf1# 0-1